| 000 | 00355nam a22001457a 4500 | ||
|---|---|---|---|
| 999 |
_c17342 _d17342 |
||
| 008 | 181023b xxu||||| |||| 00| 0 eng d | ||
| 020 | _a817179971x | ||
| 050 |
_aRA425 _b.P73 2002 c.1 |
||
| 100 | _aPrabhakara, GN | ||
| 245 | _aGN Prabhakara | ||
| 300 | _axiii, 280p. | ||
| 650 |
_aMedicine _vPreventine |
||
| 650 | _aSocial Medicine | ||
| 942 |
_2lcc _cBK |
||